La iglesia de Roma : (Registro nro. 14631)

Detalles MARC
000 -LEADER
fixed length control field 00964nam a2200289 a 4500
001 - CONTROL NUMBER
control field
003 - CONTROL NUMBER IDENTIFIER
control field DO-SdBNP
005 - DATE AND TIME OF LATEST TRANSACTION
control field 20240417134452.0
008 - FIXED-LENGTH DATA ELEMENTS--GENERAL INFORMATION
fixed length control field 140320s2000 mx a 001 0 spa d
020 ## - INTERNATIONAL STANDARD BOOK NUMBER
International Standard Book Number 9681656857
040 ## - CATALOGING SOURCE
Original cataloging agency BPMSU
Language of cataloging spa
Transcribing agency BPMSU
082 ## - DEWEY DECIMAL CLASSIFICATION NUMBER
Classification number 282.72
Item number A527i 2000
Edition number 22
100 1# - MAIN ENTRY--PERSONAL NAME
Personal name Ampudia, Ricardo.
245 13 - TITLE STATEMENT
Title La iglesia de Roma :
Remainder of title estructura y presencia en México /
Statement of responsibility, etc. Ricardo Ampudia.
260 ## - PUBLICATION, DISTRIBUTION, ETC. (IMPRINT)
Place of publication, distribution, etc. México :
Name of publisher, distributor, etc. Fondo de Cultura Económica,
Date of publication, distribution, etc. 2000
300 ## - PHYSICAL DESCRIPTION
Extent 397 p. ;
Dimensions 23 cm.
Other physical details
490 0# - SERIES STATEMENT
Series statement Sección de obras de historia;
-- La iglesia de Roma
504 ## - BIBLIOGRAPHY, ETC. NOTE
Bibliography, etc
504 ## - BIBLIOGRAPHY, ETC. NOTE
Bibliography, etc
590 ## - LOCAL NOTE (RLIN)
Local note Inventariado, 2024/VM
650 #4 - SUBJECT ADDED ENTRY--TOPICAL TERM
Topical term or geographic name as entry element Iglesia católica
Geographic subdivision Roma
General subdivision Historia
Chronological subdivision
650 #4 - SUBJECT ADDED ENTRY--TOPICAL TERM
Topical term or geographic name as entry element Iglesia Católica
General subdivision Historia
Geographic subdivision México.
650 #4 - SUBJECT ADDED ENTRY--TOPICAL TERM
Topical term or geographic name as entry element Iglesia y Estado
General subdivision Historia
Geographic subdivision México.
710 2# - ADDED ENTRY--CORPORATE NAME
Corporate name or jurisdiction name as entry element Fundación Global Democracía y Desarrollo (República Dominicana)
910 ## - USER-OPTION DATA (OCLC)
User-option data VMateo V. Control de calidad. BPMSU
942 ## - ADDED ENTRY ELEMENTS (KOHA)
Source of classification or shelving scheme Dewey Decimal Classification
Koha item type Libros
Existencias
Withdrawn status Lost status Source of classification or shelving scheme Damaged status Not for loan Collection code Home library Current library Date acquired Total Checkouts Full call number Barcode Date last seen Price effective from Koha item type
    Dewey Decimal Classification     Colección General Biblioteca Pública Metropolitana Salomé Ureña Biblioteca Pública Metropolitana Salomé Ureña 04/17/2024   BPMSU CG 282.72 A527i 2000 BPMSU24040021 04/17/2024 04/17/2024 Libros